Estatísticas para 5 capitais mundiais em um mapa em 25 segundos

Clique aqui para jogar o quiz

Estatísticas Gerais

  • Esse quiz foi jogado 333 vezes
  • A pontuação média é 3 de 5

Respostas no mapa

Respostas codificadas por cores de uma escala verde-vermelha no mapa do quiz de acordo com a % correta abaixo.
 

Estatísticas das Respostas

capital% Correto
Amesterdão
100%
Apia
100%
Assunção
100%
Atenas
100%
Belgrado
100%
Bissau
100%
Bogotá
100%
Brasília
100%
Bridgetown
100%
Cairo
100%
Caracas
100%
Catmandu
100%
Cidade do México
100%
Conacri
100%
Dakar
100%
Gitega
100%
Hanói
100%
Havana
100%
Kingston
100%
Kinshasa
100%
La Paz <i>ou</i> Sucre
100%
Lisboa
100%
Londres
100%
Luanda
100%
Luxemburgo
100%
Madrid
100%
Malé
100%
Mascate
100%
Minsk
100%
Montevidéu
100%
Moscovo
100%
Nassau
100%
N'Djamena
100%
Ngerulmud
100%
Nova Deli
100%
Nursultan
100%
Oslo
100%
Ottawa
100%
Port-of-Spain
100%
Porto-Novo <i>ou</i> Cotonou
100%
Port Vila
100%
Pristina
100%
Quito
100%
Rabat
100%
Riga
100%
Roma | Vaticano
100%
San José
100%
San Salvador
100%
Santiago
100%
São Tomé
100%
Sarajevo
100%
Taipé
100%
Teerã
100%
Tunes
100%
Vaduz
100%
Valeta
100%
Vilnius
100%
Wellington
100%
Windhoek
100%
San Marino
83%
Belmopan
75%
Berlim
75%
Buenos Aires
75%
Banjul
67%
Cabul
67%
Cidade da Guatemala
67%
Dodoma
67%
Islamabad
67%
Monróvia
67%
Paramaribo
67%
Podgorica
67%
Port Louis
67%
Abu Dhabi
50%
Asgabate
50%
Bisqueque
50%
Budapeste
50%
Colombo
50%
Daca
50%
Djibouti
50%
Honiara
50%
Jakarta
50%
Majuro
50%
Naypyidaw
50%
Nicosia
50%
Port Moresby
50%
Praga
50%
Reykjavík
50%
Saná
50%
Suva
50%
Tbilisi
50%
Tegucigalpa
50%
Vientiane
50%
Erevan
33%
Lusaka
33%
Tallinn
33%
Abuja
0%
Accra
0%
Adis Abeba
0%
Amã
0%
Ancara
0%
Andorra-a-Velha
0%
Antananarivo
0%
Argel
0%
Asmara
0%
Bagdá
0%
Baku
0%
Bamako
0%
Bandar Seri Begawan
0%
Banguecoque
0%
Bangui
0%
Basseterre
0%
Beirute
0%
Berna
0%
Bratislava
0%
Brazzaville
0%
Bruxelas
0%
Bucareste
0%
Camberra
0%
Cartum
0%
Castries
0%
Chișinău
0%
Cidade do Panamá
0%
Copenhaga
0%
Damasco
0%
Díli
0%
Doha
0%
Dublin
0%
Duchambé
0%
Escópia
0%
Estocolmo
0%
Freetown
0%
Funafuti
0%
Gaborone
0%
Georgetown
0%
Harare
0%
Helsínquia
0%
Jerusalém
0%
Juba
0%
Kampala
0%
Kiev
0%
Kigali
0%
Kingstown
0%
Kuala Lumpur
0%
Kuweit
0%
Libreville
0%
Lilongwe
0%
Lima
0%
Liubliana
0%
Lomé
0%
Malabo
0%
Manágua
0%
Manama
0%
Manila
0%
Maputo
0%
Maseru
0%
Mbabane
0%
Mogadíscio
0%
Mônaco
0%
Moroni
0%
Nairóbi
0%
Niamey
0%
Nouakchott
0%
Nukuʻalofa
0%
Ouagadougou
0%
Palikir
0%
Paris
0%
Pequim
0%
Phnom Penh
0%
Porto Príncipe
0%
Praia
0%
Pretoria, Cidade do Cabo,
<i>ou</i> Bloemfontein
0%
Pyongyang
0%
Riade
0%
Roseau
0%
Saint George's
0%
Saint John's
0%
Santo Domingo
0%
Seul
0%
Singapura
0%
Sofia
0%
Tarawa
0%
Tashkent
0%
Thimbu
0%
Tirana
0%
Tóquio
0%
Trípoli
0%
Ulaanbaatar
0%
Varsóvia
0%
Victoria
0%
Viena
0%
Washington
0%
Yamoussoukro
0%
Yaoundé
0%
Yaren
0%
Zagreb
0%

Distribuição das Pontuações

Percentil de Números Respondidos

Porcentagem de Pessoas com Cada Pontuação

Sua Pontuação Histórica

Você não jogou esse quiz